The Minor Prophets - Statistics

General Stats
  • This quiz has been taken 34 times
  • The average score is 8 of 12
Answer Stats
Books % Correct
Jonah
86%
Malachi
83%
Hosea
72%
Obadiah
69%
Amos
66%
Habakkuk
66%
Zechariah
66%
Joel
62%
Haggai
55%
Nahum
55%
Zephaniah
55%
Micah
52%
No matching quizzes found
Score Distribution
Percent of People with Each Score
Percentile by Number Answered
Your Score History
You have not taken this quiz